| 000 | 00987nam a2200265Ia 4500 | ||
|---|---|---|---|
| 003 | OSt | ||
| 005 | 20250911165322.0 | ||
| 008 | 130821s2006 mx a gr spa | ||
| 020 | _a9586990028 | ||
| 040 |
_aCo-BoUCM _bspa _c[Nuevo] _d[Nuevo] _dCO-UdeC |
||
| 041 | 0 | 0 | _aspa |
| 082 | 0 | 4 | _a001.42 |
| 100 | 1 |
_aBernal Torres, César Augusto _993900 |
|
| 245 | 1 | 0 |
_aMetodología de la investigación para administración y economía / _cCésar Augusto Bernal Torres |
| 260 |
_aSantafé de Bogotá, D. C. : _bPearson Educación de Colombia, _c2000 |
||
| 300 |
_axiv, 262 p. : _bil. ; _c24 cm. |
||
| 650 | 2 | 4 |
_aAdministración de empresas _9435 |
| 650 | 2 | 4 |
_aAdministración _xInvestigaciones _xMetodología _97252 |
| 650 | 2 | 4 |
_aEconomía _9174 |
| 650 | 2 | 4 |
_aEconomía _xInvestigaciones _xMetodología _9174 |
| 650 | 2 | 4 |
_aInvestigación científica _917977 |
| 650 | 2 | 4 |
_aInvestigación _917968 |
| 650 | 1 | 4 |
_aMetodología científica _919434 |
| 942 |
_cBK _2ddc _h001.42 _iB517 _n0 |
||
| 999 |
_c2059 _d2059 |
||